00428nam a2200193Ia 4500003000900000008004100009040001300050040001300063041000800076100001200084245006400096250001100160260001200171260000900183300001100192300001000203490001500213490000600228IT-RoPAU120407s9999 xx 000 0 und d aIT-RoPAU cIT-RoPAU aita aAnonimo aBerlinguer e il Professore. Cronache della prossima Italia. aMilano aRizzoli c1976 a135 p. c18 cm a Bur, 149 v1